Historic ground failures in northern California triggered by earthquakes /

Bibliographic Details
Main Authors: Youd, T. Leslie (Author), Hoose, Seena N. (Author)
Format: Government Document eBook
Language:English
Published: Washington : United States Government Printing Office, 1978.
Series:Geological Survey professional paper ; 993.
Subjects:
Online Access:https://purl.fdlp.gov/GPO/LPS83755

MARC

Tag First Indicator Second Indicator Subfields
LEADER 00000cam a2200000 i 4500
001 in00004000000
005 20181023093502.0
006 m o d f
007 cr un||||a|a||
008 100809s1978 dcuab ob f000 0 eng c
035 |a (OCoLC)ocn654744243 
040 |a OCLCE  |b eng  |e rda  |e pn  |c OCLCE  |d OCLCQ  |d OCLCF  |d OCLCO  |d OCLCQ  |d GPO  |d MvI  |d UtOrBLW 
042 |a pcc 
043 |a n-us-ca 
049 |a WWW 
050 4 |a QE598.2  |b .Y68 
074 |a 0624 (online) 
086 0 |a I 19.16:993 
100 1 |a Youd, T. Leslie,  |e author.  |0 http://id.loc.gov/authorities/names/n85305656 
245 1 0 |a Historic ground failures in northern California triggered by earthquakes /  |c by T.L. Youd and S.N. Hoose. 
264 1 |a Washington :  |b United States Government Printing Office,  |c 1978. 
300 |a 1 online resource (iv, 177 pages) :  |b illustrations, maps. 
336 |a text  |b txt  |2 rdacontent 
337 |a computer  |b c  |2 rdamedia 
338 |a online resource  |b cr  |2 rdacarrier 
490 1 |a Geological Survey professional paper ;  |v 993 
500 |a G.P.O. sales statement incorrect in publication. 
504 |a Includes bibliographical references (pages 68-71). 
588 |a Description based on online resource, PDF version; title from PDF title page (USGS, viewed March 20, 2018). 
650 0 |a Earth movements  |z California. 
650 0 |a Earthquakes  |z California.  |0 http://id.loc.gov/authorities/subjects/sh2003005933 
650 7 |a Earth movements.  |2 fast  |0 (OCoLC)fst00900706 
650 7 |a Earthquakes.  |2 fast  |0 (OCoLC)fst00900899 
651 7 |a California.  |2 fast  |0 (OCoLC)fst01204928 
700 1 |a Hoose, Seena N.,  |e author.  |0 http://id.loc.gov/authorities/names/n78001688 
710 2 |a Geological Survey (U.S.),  |e issuing body.  |0 http://id.loc.gov/authorities/names/n80092173 
776 0 8 |i Print version:  |a Youd, T. Leslie.  |t Historic ground failures in northern California triggered by earthquakes  |w (DLC) 77608366  |w (OCoLC)3670335 
830 0 |a Geological Survey professional paper ;  |v 993.  |0 http://id.loc.gov/authorities/names/n42012105 
856 4 0 |u https://purl.fdlp.gov/GPO/LPS83755  |t 0 
999 f f |s f5773d7e-5d98-33ee-9f05-73a313950cdc  |i 0f48423e-24aa-39b6-94c9-95f5586d4103  |t 0 
952 f f |a Texas A&M University  |b College Station  |c Electronic Resources  |d Available Online  |t 0  |e I 19.16:993  |h Superintendent of Documents classification 
998 f f |a I 19.16:993  |t 0  |l Available Online